000 00594nam a22001937a 4500
999 _c9895
_d9895
003 AR-CdUCM
008 190328b ||||| |||| 00| 0 spa d
040 _aMUNICIPALIDAD PROVINCIAL DEL CUSCO
_cBIBLIOTECA MUNICIPAL DEL CUSCO
082 _a808.8 /
_bP95P
245 _aLa princesa de Cleves :
_bCondesa de La Fayette /
260 _aParis :
_bLouis-Michaud,
300 _a254 paginas ;
_c18 cm.
505 _aContenido :Novela /
650 _aNovelas francesas
_9571
650 _aNovelas históricas francesas
_910751
650 _aSiglo XVIII
_9837
942 _2ddc
_cLIBROS
945 _arjall